Valorant Characters - Statistics

General Stats
  • This quiz has been taken 47 times
  • The average score is 19 of 22
Answer Stats
Answer % Correct
Brimstone
95%
Jett
95%
Omen
95%
Phoenix
92%
Raze
92%
Harbor
89%
Sage
89%
Viper
89%
Yoru
89%
Killjoy
86%
Cypher
84%
Reyna
84%
Astra
81%
Breach
81%
Chamber
81%
Iso
81%
Sova
81%
Fade
78%
Gekko
78%
Neon
78%
Skye
78%
Deadlock
73%
No matching quizzes found
Score Distribution
Percent of People with Each Score
Percentile by Number Answered
Your Score History
You have not taken this quiz